| 000 | 00405nam a22001697a 4500 | ||
|---|---|---|---|
| 999 |
_c10319 _d10319 |
||
| 003 | GBCCL | ||
| 005 | 20241126110729.0 | ||
| 008 | 240619b ||||| |||| 00| 0 eng d | ||
| 040 | _cgbc | ||
| 082 |
_a248.86 _bJOH |
||
| 100 |
_aJohn, Johnson P _917910 |
||
| 245 | _aRedeemed from trouble | ||
| 260 |
_aCochin : _bAuthor, _c2020 |
||
| 300 | _a127p. ; | ||
| 650 |
_aChristian life _9183 |
||
| 942 |
_2ddc _cBK |
||